| 000 | 00343nam a2200121Ia 4500 | ||
|---|---|---|---|
| 008 | 250110s9999 xx 000 0 und d | ||
| 041 | _aeng | ||
| 100 |
_aHeble Varada _9182672 |
||
| 245 | _aLandscape Approach For Khazan Ecosystem Goa | ||
| 260 |
_bM Arch Landscape, Pune _c2014 |
||
| 300 | _a119p | ||
| 700 |
_aGuide Name:Madkaikar Ajit _9210347 |
||
| 999 |
_c363539 _d363539 |
||